000
00307nam a22001337a 4500
020
_a
81-7862-401-X
082
_a
001
_b
DAT/S
100
_a
DATTA,NEETA
245
_a
SPORTS PERSONALITIES
260
_a
NEW DELHI
_b
STERLING PRESS PRIVATE
300
_a
48
650
_a
SPORTS PERSONALITIES
_z
DELHI
942
_c
BK
999
_c
6651
_d
6651